<?xml version="1.0" encoding="UTF-8"?>
<record
    xmlns:xsi="http://www.w3.org/2001/XMLSchema-instance"
    xsi:schemaLocation="http://www.loc.gov/MARC21/slim http://www.loc.gov/standards/marcxml/schema/MARC21slim.xsd"
    xmlns="http://www.loc.gov/MARC21/slim">

  <leader>00747nam a22002417a 4500</leader>
  <controlfield tag="003">UA-OsUOA</controlfield>
  <controlfield tag="001"> 119998 </controlfield>
  <controlfield tag="007">ta</controlfield>
  <controlfield tag="008">20161202b un ||||| |||| 00| 0 ukr d</controlfield>
  <datafield tag="100" ind1=" " ind2=" ">
    <subfield code="a">&#x414;&#x443;&#x442;&#x43A;&#x435;&#x432;&#x438;&#x447; &#x422;. &#x412;.</subfield>
  </datafield>
  <datafield tag="090" ind1=" " ind2=" ">
    <subfield code="a">159.922.7(075.8)</subfield>
    <subfield code="b">&#x414;84</subfield>
  </datafield>
  <datafield tag="942" ind1=" " ind2=" ">
    <subfield code="c">BK</subfield>
  </datafield>
  <datafield tag="040" ind1=" " ind2=" ">
    <subfield code="a">UA-OsUOA</subfield>
    <subfield code="b">ukr</subfield>
    <subfield code="c">UA-OsUOA</subfield>
    <subfield code="d">UA-OsUOA</subfield>
  </datafield>
  <datafield tag="245" ind1=" " ind2=" ">
    <subfield code="a">&#x422;&#x435;&#x43E;&#x440;&#x456;&#x44F; &#x456; &#x43F;&#x440;&#x430;&#x43A;&#x442;&#x438;&#x43A;&#x430; &#x440;&#x43E;&#x437;&#x432;&#x438;&#x432;&#x430;&#x43B;&#x44C;&#x43D;&#x43E;-&#x43A;&#x43E;&#x440;&#x435;&#x43A;&#x446;&#x456;&#x439;&#x43D;&#x43E;&#x457; &#x440;&#x43E;&#x431;&#x43E;&#x442;&#x438; &#x43F;&#x441;&#x438;&#x445;&#x43E;&#x43B;&#x43E;&#x433;&#x430;</subfield>
    <subfield code="b">&#x442;&#x435;&#x43E;&#x440;&#x435;&#x442;&#x438;&#x447;&#x43D;&#x438;&#x439; &#x43A;&#x443;&#x440;&#x441;: &#x43D;&#x430;&#x432;&#x447;&#x430;&#x43B;&#x44C;&#x43D;&#x438;&#x439; &#x43F;&#x43E;&#x441;&#x456;&#x431;&#x43D;&#x438;&#x43A;</subfield>
  </datafield>
  <datafield tag="300" ind1=" " ind2=" ">
    <subfield code="a">265 &#x441;.</subfield>
  </datafield>
  <datafield tag="955" ind1=" " ind2=" ">
    <subfield code="a">2</subfield>
  </datafield>
  <datafield tag="041" ind1=" " ind2=" ">
    <subfield code="a">ukr</subfield>
  </datafield>
  <datafield tag="080" ind1=" " ind2=" ">
    <subfield code="a">159.922.7(075.8)</subfield>
  </datafield>
  <datafield tag="020" ind1=" " ind2=" ">
    <subfield code="a">978-966-373-818-5</subfield>
  </datafield>
  <datafield tag="260" ind1=" " ind2=" ">
    <subfield code="a">&#x41A;.</subfield>
    <subfield code="b">&#x41A;&#x41D;&#x422;</subfield>
    <subfield code="c">2017</subfield>
  </datafield>
  <datafield tag="650" ind1=" " ind2="7">
    <subfield code="a">159.9 &#x41F;&#x441;&#x438;&#x445;&#x43E;&#x43B;&#x43E;&#x433;&#x456;&#x44F;</subfield>
    <subfield code="2">UDC</subfield>
  </datafield>
  <datafield tag="999" ind1=" " ind2=" ">
    <subfield code="c">406084</subfield>
    <subfield code="d">406084</subfield>
  </datafield>
  <datafield tag="952" ind1=" " ind2=" ">
    <subfield code="0">0</subfield>
    <subfield code="1">0</subfield>
    <subfield code="2">udc</subfield>
    <subfield code="4">0</subfield>
    <subfield code="7">0</subfield>
    <subfield code="a">102</subfield>
    <subfield code="b">102</subfield>
    <subfield code="d">2016-12-02</subfield>
    <subfield code="e">49/2016</subfield>
    <subfield code="g">220.00</subfield>
    <subfield code="i">152713</subfield>
    <subfield code="l">0</subfield>
    <subfield code="o">159.922.7(075.8) &#x414;84</subfield>
    <subfield code="p">152713</subfield>
    <subfield code="r">2022-02-09 00:00:00</subfield>
    <subfield code="w">2016-12-02</subfield>
    <subfield code="y">BK</subfield>
  </datafield>
</record>
